Statistiques concernant Capitales d'Europe en 1 minute

Cliquez ici pour prendre le quiz!

Statistiques générales

  • Ce quiz a été pris 80 fois
  • Le résultat moyen est 23 sur 44

Statistiques - réponses

PaysCapitale% Correct
EspagneMadrid
95%
FranceParis
95%
AllemagneBerlin
93%
BelgiqueBruxelles
88%
ItalieRome
86%
AutricheVienne
81%
IrlandeDublin
75%
CroatieZagreb
72%
Royaume-uniLondres
70%
DanemarkCopenhague
68%
MonacoMonaco
68%
HongrieBudapest
67%
AndorreAndorre-la-vieille
65%
FinlandeHelsinki
65%
PortugalLisbonne
63%
GrèceAthènes
61%
NorvègeOslo
61%
LuxembourgLuxembourg
58%
AlbanieTirana
58%
LettonieRiga
56%
BulgarieSofia
56%
RoumanieBucarest
54%
BiélorussieMinsk
53%
Pays-basAmsterdam
51%
LituanieVilnius
51%
RussieMoscou
49%
IslandeReykjavik
49%
Bonsie-herzégovineSarajevo
47%
SuèdeStockholm
40%
MalteLa valette
39%
EstonieTalinn
39%
UkraineKiev
35%
SuisseBerne
33%
LichtensteinVaduz
32%
VaticanVatican
30%
PologneVarsovie
28%
SerbieBelgrade
26%
MoldavieChișinău
25%
TchéquiePrague
25%
SlovénieLjubljana
21%
Saint-marinSaint-marin
21%
SlovaquieBratislava
18%
MonténegroPodgorica
16%
Macédoine du nordSkopje
16%

Distribution des résultats

Percentile par nombre de réponses

% des personnes avec chaque résultat

Votre développement - résultats

Vous n’avez pas pris ce quiz